| 000 | 01349cam a22003374a 4500 | ||
|---|---|---|---|
| 999 |
_c57521 _d57521 |
||
| 001 | 11971029 | ||
| 005 | 20200701145522.0 | ||
| 008 | 000411s2001 nyua b 001 0 eng | ||
| 010 | _a 00030463 | ||
| 020 | _a0387988408 (hc : alk. paper) | ||
| 020 | _a0387988416 (softcover) | ||
| 020 | _a9780387988405 | ||
| 040 |
_aDLC _cDLC _dDLC |
||
| 041 | _aeng | ||
| 042 | _apcc | ||
| 050 | 0 | 0 |
_aQH440.3 _b.K69 2001 |
| 080 | _a575 K-79 | ||
| 082 | 0 | 0 |
_a576.5/076 _221 |
| 100 | 1 |
_aKowles, Richard V. _98971 |
|
| 245 | 1 | 0 |
_aSolving problems in genetics / _cRichard Kowles. |
| 260 |
_aNew York : _bSpringer, _cc2001. |
||
| 300 |
_axv, 479 p. : _bill. ; _c24 cm. |
||
| 504 | _aIncludes bibliographical references and index. | ||
| 650 | 0 |
_aGenetics _vProblems, exercises, etc. _98972 |
|
| 653 | _aპრობლემების მოგვარება გენეტიკაში | ||
| 856 | 4 | 2 |
_3Publisher description _uhttp://www.loc.gov/catdir/enhancements/fy0816/00030463-d.html |
| 856 | 4 | 1 |
_3Table of contents only _uhttp://www.loc.gov/catdir/enhancements/fy0816/00030463-t.html |
| 906 |
_a7 _bcbc _corignew _d1 _eocip _f19 _gy-gencatlg |
||
| 942 |
_2udc _cBK |
||
| 955 |
_ato ASCD ps51 04-11-00; (desc.) jc09 04-13-00; jc02 to technician 04-13-00; jc13 04-17-00; to Dewey 04-17-00; aa07 04-19-00 _aps09 2001-08-13 bk rec'd, to CIP ver. |
||